Firemná a marketingová kultúra
Formulácia podnikovej filozofie a podnikových zásad. Vymedzenie poslania (misie) podniku. Produktová a trhová definícia misie podniku. Stanovenie marketingových cieľov. Psychografické a ekonomické marketingové ciele.
Salvato in:
| Autore principale: | |
|---|---|
| Natura: | Libro |
| Lingua: | slovacco |
| Soggetti: | |
| Tags: |
Nessun Tag, puoi essere il primo ad aggiungerne!!
|
MARC
| LEADER | 00000nam a2200000 4500 | ||
|---|---|---|---|
| 001 | r031069 | ||
| 005 | 20230626065333.6 | ||
| 041 | 0 | |a slo | |
| 044 | |a SK | ||
| 245 | 1 | 0 | |a Firemná a marketingová kultúra |c Eva Hanuláková |
| 520 | |a Formulácia podnikovej filozofie a podnikových zásad. Vymedzenie poslania (misie) podniku. Produktová a trhová definícia misie podniku. Stanovenie marketingových cieľov. Psychografické a ekonomické marketingové ciele. | ||
| 610 | 2 | 0 | |a marketing |
| 610 | 2 | 0 | |a kultúra podniková |
| 610 | 2 | 0 | |a stratégia marketingová |
| 610 | 2 | 0 | |a misia |
| 610 | 2 | 0 | |a ciele podnikové |
| 610 | 2 | 0 | |a imidž |
| 100 | 1 | |a Hanuláková, Eva, 1964- | |